000 00337nam a22001337a 4500
005 20230726115511.0
008 230726b |||||||| |||| 00| 0 eng d
041 _aeng
100 _aSINGH. AVTAR
_97874
245 _aGURU NANAK DEV JI LIFE, TEACHING AND TRAVELS
260 _aPATIALA
_bAZAD AWAZ PRINTERS
300 _a192;p
942 _cBK
999 _c8335
_d8333